Most Common Elements In Human Body - Statistics

General Stats
  • This quiz has been taken 503 times
  • The average score is 11 of 14
Answer Stats
Grammes Answer % Correct
43,000 Oxygen
99%
16,000 Carbon
98%
7,000 Hydrogen
98%
1,800 Nitrogen
93%
140 Sulfur
88%
780 Phosphorus
87%
4 Iron
83%
110-140 Potassium
83%
1,200 Calcium
80%
100 Sodium
71%
25 Magnesium
64%
1 Silicon
58%
95 Chlorine
55%
2.3 Zinc
42%
No matching quizzes found
Score Distribution
Percent of People with Each Score
Percentile by Number Answered
Your Score History
You have not taken this quiz